Asian Capitals to Country - Map Click Quiz - Statistics

General Stats
  • This quiz has been taken 150 times
  • The average score is 31 of 48
Answers on the Map
Answers color-coded by a green-red scale on the quiz's map according to % correct below.
 
Answer Stats
Answer % Correct
New Delhi
84%
Beijing
82%
Bangkok
80%
Pyongyang
80%
Ulaanbaatar
78%
Ankara
76%
Seoul
76%
Tokyo
76%
Sri Jayawardenepura
Kotte
75%
Jakarta
73%
Manila
73%
Phnom Penh
73%
Tehran
73%
Hanoi
71%
Jerusalem
71%
Kathmandu
71%
Riyadh
71%
Singapore
71%
Damascus
69%
Islamabad
69%
Kuwait City
69%
Kabul
67%
Taipei
67%
Astana
65%
Baghdad
65%
Abu Dhabi
63%
Ashgabat
63%
Baku
63%
Beirut
61%
Sana'a
61%
Tbilisi
61%
Thimphu
59%
Malé
59%
Doha
57%
Kuala Lumpur
57%
Muscat
57%
Vientiane
57%
Dhaka
55%
Nicosia
55%
Yerevan
55%
Amman
53%
Bishkek
51%
Naypyidaw
51%
Tashkent
51%
Dili
49%
Dushanbe
47%
Manama
41%
Bandar Seri
Begawan
39%
No matching quizzes found
Score Distribution
Percent of People with Each Score
Percentile by Number Answered
Your Score History
You have not taken this quiz